000 01147nam a22003377a 4500
001 BR9100816
003 BR-BrBNA
005 20230928093524.0
007 ta
008 230509b bl.||||| |||| 00| 0 por d
040 _aBR-BrBNA
_bpor
_cBiblioteca Nacional de Agricultura
041 _a(Por)
072 _aF61; P34
_b2480
_b3830
_b3866
090 _ 2480 BR9100816
100 1 _aLima, P.C. de
110 1 _aUniversidade Federal de Vicosa, MG (Brasil)
_0Tese (Magister Scientiae)
245 1 _aDependencia da seringueira as micorrizas vesiculo-arbuscular, em funcao de doses de fosforo, zinco e cobre adicionadas em um latossolo vermelho-amarelo
260 3 _aVicosa, MG (Brasil):
_c1991.
300 _a109 p.
500 _a9 illus.; 12 tables; Bibliography p. 92-107 (144 ref.); Summary (Por). (*) Documento disponível na(o) Universidade Federal de Vicosa, MG (Brazil)
650 _aSERINGUEIRA
650 _aLATOSSOLO VERMELHO AMARELO
650 _aMICORRIZA
650 _aFOSFORO
650 _aZINCO
650 _aCOBRE
650 _aABSORCAO
650 _aVICOSA
909 _a202309
_bLucia
_c55
_dLucia Elande
942 _cBK
999 _c45476
_d45476